| 000 | 00572nam a22001695i 4500 | ||
|---|---|---|---|
| 001 | 166929 | ||
| 003 | ES-MaACL | ||
| 005 | 20230906213429.0 | ||
| 008 | 050921s1871 sp | |||||||| ||spa d | ||
| 040 |
_aCAM _bspa _cCAM |
||
| 100 | 1 |
_aValle y Serrano, Antonio María del. _9112822 |
|
| 245 | 1 | 0 |
_aLuis y Regina _b: novela original / _cpor Antonio Maria del Valle y Serrano. |
| 260 |
_aMadrid : _b[s.n.], _c1871 ( _fImprenta y estereotipia de M. Rivadeneyra) |
||
| 300 |
_a31 p. ; _c24 cm. |
||
| 752 |
_aEspaña - _dMadrid |
||
| 852 |
_aES-MaACL _jG-9085(3) _z-- Enc. tela |
||
| 999 |
_c166929 _d166929 |
||